Exclusion clauses and unfair contract terms (Record no. 103179)

MARC details
000 -LEADER
fixed length control field 01456cam a2200337 4500
001 - CONTROL NUMBER
control field L124220
008 - FIXED-LENGTH DATA ELEMENTS--GENERAL INFORMATION
fixed length control field 031103n2003 000 0 eng u
020 ## - INTERNATIONAL STANDARD BOOK NUMBER
International Standard Book Number 0421838604
035 ## - SYSTEM CONTROL NUMBER
System control number (Sirsi) u124220
041 ## - LANGUAGE CODE
Language code of text/sound track or separate title eng
050 ## - LIBRARY OF CONGRESS CALL NUMBER
Classification number 346.4102
-- 18
100 ## - MAIN ENTRY--PERSONAL NAME
Personal name Lawson, Richard
245 ## - TITLE STATEMENT
Title Exclusion clauses and unfair contract terms
250 ## - EDITION STATEMENT
Edition statement 7th ed.
260 ## - PUBLICATION, DISTRIBUTION, ETC.
Place of publication, distribution, etc. London
Name of publisher, distributor, etc. Sweet and Maxwell
Date of publication, distribution, etc. 2003
300 ## - PHYSICAL DESCRIPTION
Extent xxvii, 277p.
Dimensions 24cm.
350 ## - PRICE (NR) (BK AM CF MU VM SE) [OBSOLETE]
Price 99
520 ## - SUMMARY, ETC.
Summary, etc. Written for practitioners dealing with business and consumer contracts, this seventh edition provides practical guidance on the many statutory controls available to guard against the misuse of exclusion clauses. Considers firstly, how the courts have considered and interpreted exclusion and limitation clauses, and secondly how Parliament has enacted a separate set of controls. Full consideration given to the role of the OFT in the exercise of its statutory functions.
520 ## - SUMMARY, ETC.
Summary, etc. Supersedes sixth edition (ISBN 0421729600)
520 ## - SUMMARY, ETC.
Summary, etc. Accompanied by a CD-ROM (L145151) which is refernce only
650 ## - SUBJECT ADDED ENTRY--TOPICAL TERM
Topical term or geographic name entry element CONSUMER CONTRACTS
650 ## - SUBJECT ADDED ENTRY--TOPICAL TERM
Topical term or geographic name entry element CONSUMER LAW
650 ## - SUBJECT ADDED ENTRY--TOPICAL TERM
Topical term or geographic name entry element CONTRACT LAW
650 ## - SUBJECT ADDED ENTRY--TOPICAL TERM
Topical term or geographic name entry element EXCLUSION CLAUSES
650 ## - SUBJECT ADDED ENTRY--TOPICAL TERM
Topical term or geographic name entry element UNFAIR CONTRACT TERMS ACT 1977
650 ## - SUBJECT ADDED ENTRY--TOPICAL TERM
Topical term or geographic name entry element CONTRACTS (RIGHTS OF THIRD PARTIES) ACT 1999
650 ## - SUBJECT ADDED ENTRY--TOPICAL TERM
Topical term or geographic name entry element UNFAIR TERMS IN CONSUMER CONTRACTS REGULATIONS 1999
650 ## - SUBJECT ADDED ENTRY--TOPICAL TERM
Topical term or geographic name entry element BUSINESS CONTRACTS
690 ## - LOCAL SUBJECT ADDED ENTRY--TOPICAL TERM (OCLC, RLIN)
Topical term or geographic name as entry element LAW-UK
942 ## - ADDED ENTRY ELEMENTS (KOHA)
Suppress in OPAC 0
Holdings
Withdrawn status Lost status Source of classification or shelving scheme Damaged status Not for loan Home library Current library Shelving location Date acquired Cost, normal purchase price Total Checkouts Full call number Barcode Date last seen Date last checked out Copy number Cost, replacement price Price effective from Koha item type
    Other/Generic Classification Scheme     London London Books 01/12/2003 84.15 3 346.4102 LAW 30068874 06/08/2019 07/07/2008 1 84.15 06/08/2019 Book